[Event "India- Israel Chess Match (Blindfold)"]
[Site "?"]
[Date "2012.04.03"]
[Round "1.2"]
[White "GM ABHIJEET GUPTA, INDIA."]
[Black "GM VITALI GOLOD, ISRAEL."]
[Result "1/2-1/2"]
[WhiteElo "2643"]
[BlackElo "2561"]
[Annotator "raj,kumar"]
[PlyCount "70"]
[EventDate "2012.??.??"]
[SourceDate "2012.04.03"]

1. d4 Nf6 2. c4 e6 3. Nc3 d5 4. cxd5 Nxd5 5. e4 Nxc3 6. bxc3 c5 7. Nf3 cxd4 8.
cxd4 Bb4+ 9. Bd2 Bxd2+ 10. Qxd2 O-O 11. Rc1 b6 12. Bd3 Bb7 13. O-O Nd7 14. Qf4
h6 15. h4 Rc8 16. Rxc8 Qxc8 17. Rc1 Qb8 18. Qxb8 Rxb8 19. Rc7 Nf6 20. Ne5 Bxe4
21. Bxe4 Nxe4 22. f3 Ng3 23. Nxf7 Ne2+ 24. Kh2 Nxd4 25. Rxa7 Rc8 26. Rd7 Nf5
27. Kh3 Rc4 28. g4 Nd4 29. Ne5 Rc5 30. Rd8+ Kh7 31. Nd7 Rd5 32. Kg2 Nc6 33.
Nf8+ Kg8 34. Rxd5 exd5 35. Nd7 b5 1/2-1/2

[Event "India- Israel Chess Match (Blindfold)"]
[Site "?"]
[Date "2012.04.03"]
[Round "1.4"]
[White "GM B Adhiban"]
[Black "IM Gil Popliski"]
[Result "1/2-1/2"]
[WhiteElo "2561"]
[BlackElo "2389"]
[PlyCount "73"]
[EventDate "2012.??.??"]
[SourceDate "2012.04.03"]

1. d4 Nf6 2. c4 e6 3. Nf3 d5 4. Nc3 Bb4 5. Qa4+ Nc6 6. e3 O-O 7. Bd2 dxc4 8.
Bxc4 Bd6 9. O-O e5 10. dxe5 Nxe5 11. Nxe5 Bxe5 12. Rad1 Qe7 13. Rfe1 Be6 14.
Bxe6 Qxe6 15. h3 Rfd8 16. Qb5 c6 17. Qe2 Nd5 18. Nxd5 Rxd5 19. e4 Rd7 20. b3
Rad8 21. Bg5 Bf6 22. Bxf6 Qxf6 23. Rxd7 Rxd7 24. Rd1 Qd8 25. Rxd7 Qxd7 26. Qg4
Qd8 27. e5 c5 28. e6 Qe7 29. exf7+ Kxf7 30. Qf5+ Kg8 31. Qc8+ Kf7 32. Qf5+ Kg8
33. Qd5+ Kf8 34. g3 g6 35. a4 b6 36. h4 Qf7 37. Qd8+ 1/2-1/2

[Event "India- Israel 2012 Chess Match (Rapid)"]
[Site "?"]
[Date "2012.04.03"]
[Round "2.2"]
[White "Vitali, Golod"]
[Black "Abhijeet, Gupta"]
[Result "1-0"]
[WhiteElo "2561"]
[BlackElo "2643"]
[PlyCount "103"]
[EventDate "2012.??.??"]

1. d4 Nf6 2. c4 g6 3. Nc3 d5 4. Bf4 Bg7 5. Nf3 O-O 6. Rc1 dxc4 7. e4 Bg4 8.
Bxc4 Bxf3 9. gxf3 Nh5 10. Be3 e5 11. dxe5 Bxe5 12. Qxd8 Rxd8 13. Ne2 Nc6 14.
O-O Nd4 15. Nxd4 Bxd4 16. b4 c6 17. b5 cxb5 18. Bxb5 Bxe3 19. fxe3 Rac8 20. Bc4
Kf8 21. Bd5 b6 22. Bb7 Rxc1 23. Rxc1 Ng7 24. Bd5 Ne8 25. Bb3 Rd7 26. Rc8 Rc7
27. Ra8 Ke7 28. e5 Ng7 29. f4 Ne6 30. Kg2 Nc5 31. Bd5 h5 32. Kf3 Ne6 33. h4 Rd7
34. Bc6 Rd8 35. Rxa7+ Kf8 36. Bb5 Nc5 37. Rc7 Rd2 38. Bc4 Rd7 39. Rc8+ Kg7 40.
Rc6 Rb7 41. Bd5 Rd7 42. Bc4 Na4 43. e6 fxe6 44. Bxe6 Rb7 45. Bd5 b5 46. Be4 Rb6
47. Rxb6 Nxb6 48. Bd3 b4 49. Ke4 Na4 50. Kd4 Kf6 51. Bc2 Nc3 52. a4 1-0

[Event "India- Israel 2012 Chess Match (Rapid)"]
[Site "?"]
[Date "2012.04.03"]
[Round "2.3"]
[White "Gopal, GN."]
[Black "Tal, Baron"]
[Result "1-0"]
[WhiteElo "2572"]
[BlackElo "2497"]
[PlyCount "84"]
[EventDate "2012.??.??"]

1. e4 e5 2. Nf3 Nc6 3. Bb5 a6 4. Ba4 Nf6 5. O-O Be7 6. d3 d6 7. c3 O-O 8. Nbd2
Re8 9. Re1 Bf8 10. h3 h6 11. Nf1 b5 12. Bc2 Bb7 13. Ng3 g6 14. a4 Bg7 15. Bd2
d5 16. exd5 Nxd5 17. Ne4 Qe7 18. b4 Rad8 19. Qc1 Qf8 20. axb5 axb5 21. Bb3 Nb6
22. Nc5 Bc8 23. Re4 Nd7 24. Be3 Nf6 25. Rh4 g5 26. Bxg5 hxg5 27. Nxg5 Re7 28.
Qe3 Nb8 29. Qf3 Nbd7 30. Nce4 Nxe4 31. Qxe4 Nf6 32. Qg6 Be6 33. Bxe6 fxe6 34.
Rh7 Rdd7 35. Re1 Qd8 36. Re4 Nxh7 37. Qxh7+ Kf8 38. Qg6 Rxd3 39. Rh4 Rd1+ 40.
Kh2 Qd3 41. Nh7+ Kg8 42. Nf6+ Kf8 1-0

[Event "India- Israel 2012 Chess Match (Rapid)"]
[Site "?"]
[Date "2012.04.03"]
[Round "2.4"]
[White "Gil, Popliski"]
[Black "Adhiban, B."]
[Result "0-1"]
[WhiteElo "2389"]
[BlackElo "2561"]
[PlyCount "64"]
[EventDate "2012.??.??"]

1. e4 e5 2. Nf3 Nc6 3. Bb5 Nf6 4. O-O Nxe4 5. d4 Nd6 6. Bxc6 dxc6 7. dxe5 Nf5
8. Qxd8+ Kxd8 9. Nc3 Bd7 10. b3 b6 11. Bb2 Kc8 12. Rad1 Be8 13. Ng5 h5 14. Rfe1
Be7 15. Nce4 a5 16. a4 c5 17. c4 Kb7 18. Rd3 Rh6 19. Red1 Rg6 20. f4 Bc6 21.
Re1 Rf8 22. Kf2 Bxg5 23. Nxg5 f6 24. Nf3 fxe5 25. Bxe5 Bxf3 26. Rxf3 Rd8 27.
Re2 Rd1 28. Rh3 h4 29. Kf3 Nd4+ 30. Bxd4 cxd4 31. f5 Rd6 32. Kg4 d3 0-1

[Event "India- Israel 2012 Chess Match (Blitz)"]
[Site "?"]
[Date "2012.04.03"]
[Round "3.3"]
[White "Tal, Baron"]
[Black "Gopal, GN."]
[Result "0-1"]
[WhiteElo "2497"]
[BlackElo "2572"]
[PlyCount "73"]
[EventDate "2012.??.??"]

1. d4 d5 2. c4 c6 3. Nc3 Nf6 4. e3 e6 5. Bd3 Nbd7 6. cxd5 exd5 7. Nge2 Bd6 8.
O-O O-O 9. f3 c5 10. Ng3 Re8 11. Nf5 Bf8 12. Bd2 Nb8 13. Rc1 Nc6 14. dxc5 Bxc5
15. Na4 Bf8 16. Nd4 Ne5 17. Bb1 Nc4 18. Re1 g6 19. b3 Nxd2 20. Qxd2 h5 21. Nb5
Re7 22. Nc5 a6 23. Nd4 Bg7 24. a4 h4 25. a5 h3 26. g3 Nh7 27. Qf2 Qd6 28. b4
Ng5 29. Bd3 Be6 30. Rc2 Rf8 31. Rec1 Bc8 32. b5 axb5 33. Nxb5 Qe5 34. Nd4 Qxe3
35. Qxe3 Rxe3 36. Kf2 Bxd4 37. Kg1 0-1

[Event "India- Israel 2012 Chess Match (Blitz)"]
[Site "?"]
[Date "2012.04.03"]
[Round "4.2"]
[White "Vitali, Golod"]
[Black "Abhijeet, Gupta"]
[Result "1/2-1/2"]
[WhiteElo "2561"]
[BlackElo "2643"]
[PlyCount "132"]
[EventDate "2012.??.??"]

1. d4 d5 2. c4 c6 3. Nf3 Nf6 4. e3 g6 5. Nc3 Bg7 6. Bd3 O-O 7. O-O dxc4 8. Bxc4
Nbd7 9. Qe2 Nb6 10. Bb3 Bg4 11. h3 Bxf3 12. Qxf3 Nfd7 13. Rd1 a5 14. a3 e6 15.
Bd2 Qe7 16. Rac1 Rfd8 17. Ne4 e5 18. Bc3 a4 19. Ba2 Nd5 20. Bxd5 cxd5 21. Ng3
e4 22. Qe2 Nb6 23. Qb5 Nc4 24. Nf1 Qd7 25. Qxd7 Rxd7 26. Nd2 Rc8 27. Ba5 b5 28.
Bb4 Bf8 29. Bxf8 Kxf8 30. Nb1 Rdc7 31. Rc2 Ke7 32. Rdc1 Kd6 33. Nc3 Rb7 34. Na2
Rbc7 35. Nc3 Rb7 36. Na2 Rbc7 37. Nc3 Rb7 38. Na2 Rcb8 39. Kf1 f5 40. Ke2 g5
41. f3 Re7 42. Rc3 Rbe8 43. f4 gxf4 44. exf4 Rg7 45. g3 Reg8 46. Rg1 h5 47. b3
axb3 48. Rxb3 h4 49. Rxb5 Rxg3 50. Rxg3 Rxg3 51. Nb4 Rg2+ 52. Ke1 Ne3 53. Rb6+
Kc7 54. Rh6 Rb2 55. Rc6+ Kd7 56. Rc5 Ng2+ 57. Kd1 Nxf4 58. Nxd5 Nxd5 59. Rxd5+
Ke6 60. Rd8 f4 61. d5+ Ke5 62. d6 Kd4 63. d7 Kd3 64. Rc8 Rb1+ 65. Rc1 Rb8 66.
Rc8 Rb1+ {Rd8 Kd4+} 1/2-1/2

[Event "India- Israel 2012 Chess Match (Blitz)"]
[Site "?"]
[Date "2012.04.03"]
[Round "4.3"]
[White "Gopal, GN."]
[Black "Tal, Baron"]
[Result "1-0"]
[WhiteElo "2572"]
[BlackElo "2497"]
[PlyCount "82"]
[EventDate "2012.??.??"]

1. e4 c5 2. Nf3 Nc6 3. d4 cxd4 4. Nxd4 Nf6 5. Nc3 e5 6. Ndb5 d6 7. Bg5 a6 8.
Na3 b5 9. Nd5 Be7 10. Bxf6 Bxf6 11. c4 b4 12. Nc2 O-O 13. g3 a5 14. b3 Be6 15.
h4 Rc8 16. Bh3 Nd4 17. Nxd4 exd4 18. Bxe6 fxe6 19. Nf4 Qe7 20. Nd3 Qb7 21. Qg4
Rfe8 22. O-O Re7 23. h5 Rce8 24. Rae1 Rf7 25. f4 Bd8 26. e5 d5 27. cxd5 Qxd5
28. Rc1 Rc7 29. Rxc7 Bxc7 30. Rc1 Bb6 31. Kf2 Qe4 32. Qf3 Qxf3+ 33. Kxf3 Rb8
34. Rc6 Kf7 35. Ke4 Ke7 36. g4 Kd7 37. Rd6+ Ke7 38. Nb2 Rb7 39. Nc4 Bc7 40. Ra6
Rb5 41. Ra7 Kd7 1-0

[Event "India- Israel 2012 Chess Match (Blitz)"]
[Site "?"]
[Date "2012.04.03"]
[Round "4.4"]
[White "Adhiban, B."]
[Black "Gil, Popliski"]
[Result "1/2-1/2"]
[WhiteElo "2561"]
[BlackElo "2389"]
[PlyCount "126"]
[EventDate "2012.??.??"]

1. Nf3 Nf6 2. c4 c5 3. g3 Nc6 4. Bg2 d5 5. cxd5 Nxd5 6. Nc3 Nc7 7. O-O e5 8. d3
Be7 9. Nd2 O-O 10. Nc4 f6 11. f4 exf4 12. Bxf4 Ne6 13. Be3 Ncd4 14. Nd5 Rb8 15.
Rc1 b5 16. Na5 Bd6 17. Bxd4 Nxd4 18. Nb3 Nxb3 19. Qxb3 Kh8 20. a4 a6 21. axb5
axb5 22. Ra1 Re8 23. e3 Be6 24. Ra6 Bg8 25. d4 cxd4 26. exd4 Re2 27. Bf3 Re8
28. Qd3 Bxg3 29. Nxf6 Bxh2+ 30. Kxh2 gxf6 31. Rg1 Qc7+ 32. Kh1 Qf4 33. Rg4 Qh6+
34. Kg2 Re3 35. Qf5 Rf8 36. Kg3 Re1 37. Kf2 Qd2+ 38. Kg3 Rg1+ 39. Kh3 Qh6+ 40.
Rh4 Qg7 41. Rg4 Qh6+ 42. Rh4 Qg6 43. Qxg6 Rxg6 44. Rb6 Rd8 45. Rxb5 Be6+ 46.
Kh2 Rc8 47. Be4 f5 48. Bxf5 Bxf5 49. Rxf5 Rc2+ 50. Kh3 Rxb2 51. Rf8+ Kg7 52.
Rd8 Rb7 53. Rg4 Kf6 54. Rd6+ Kf5 55. Rd5+ Ke6 56. Re5+ Kf6 57. Rxg6+ hxg6 58.
Kg4 Rd7 59. Re4 Rd5 60. Rf4+ Ke6 61. Re4+ Kf6 62. Rf4+ Ke6 63. Re4+ Kf6 1/2-1/2

[Event "India- Israel Chess Match (Blindfold)"]
[Site "New Delhi, India"]
[Date "2012.04.04"]
[Round "5.3"]
[White "Gopal, G N."]
[Black "Gil, Popliski"]
[Result "0-1"]
[WhiteElo "2592"]
[BlackElo "2389"]
[PlyCount "80"]
[EventDate "2012.??.??"]

1. e4 c5 2. Nf3 d6 3. d4 cxd4 4. Nxd4 Nf6 5. Nc3 a6 6. Be2 e6 7. O-O Be7 8. f4
Qc7 9. Kh1 Nc6 10. Be3 O-O 11. Qe1 Nxd4 12. Bxd4 b5 13. Qg3 Bb7 14. a3 Rad8 15.
Bd3 Rd7 16. Qh3 e5 17. fxe5 dxe5 18. Nd5 Bxd5 19. exd5 g6 20. Bc3 Rxd5 21. Qg3
Nh5 22. Qf3 Rdd8 23. Rae1 Bf6 24. Be4 Bg7 25. Bb4 Rfe8 26. Bc6 e4 27. Bxe4 Nf6
28. Bc6 Rxe1 29. Rxe1 Rc8 30. Bb7 Rb8 31. Bd5 Nxd5 32. Qxd5 Rd8 33. Qe4 Bxb2
34. g3 h5 35. c3 a5 36. Be7 Re8 37. Kg2 Bxa3 38. Bxa3 Rxe4 39. Rxe4 Qc6 40. Kf3
f5 0-1

[Event "India- Israel 2012 Chess Match (Rapid)"]
[Site "New Delhi, India"]
[Date "2012.04.04"]
[Round "6.3"]
[White "Gil, Popliski"]
[Black "Gopal, GN."]
[Result "0-1"]
[WhiteElo "2389"]
[BlackElo "2572"]
[PlyCount "60"]
[EventDate "2012.??.??"]

1. e4 e5 2. Nf3 Nc6 3. Bb5 a6 4. Ba4 Nge7 5. c3 g6 6. d4 exd4 7. cxd4 Bg7 8.
Nc3 b5 9. Bc2 d6 10. h3 O-O 11. O-O Bb7 12. Bg5 h6 13. Be3 Na5 14. Qc1 Kh7 15.
d5 c5 16. dxc6 Nexc6 17. Rd1 Nc4 18. Bf4 Rc8 19. Rb1 Re8 20. Nd5 Ne7 21. Nc3
Qa5 22. b3 Qxc3 23. Rd3 Qa5 24. bxc4 Rxc4 25. Nd2 Rcc8 26. Qd1 d5 27. Bb3 Rc3
28. Rxc3 Qxc3 29. Rc1 Qf6 30. Be3 d4 0-1

[Event "India- Israel 2012 Chess Match (Blitz)"]
[Site "New Delhi, India"]
[Date "2012.04.04"]
[Round "7.3"]
[White "Gopal , GN."]
[Black "Gil, Popliski"]
[Result "0-1"]
[WhiteElo "2572"]
[BlackElo "2389"]
[PlyCount "84"]
[EventDate "2012.??.??"]

1. e4 c5 2. Nc3 d6 3. f4 g6 4. Nf3 Bg7 5. Bb5+ Nd7 6. O-O a6 7. Bxd7+ Bxd7 8.
d3 Nh6 9. Qe1 f5 10. e5 O-O 11. e6 Bc6 12. Ng5 d5 13. Qh4 d4 14. Nd1 Qd6 15.
Bd2 Bd5 16. Re1 Rf6 17. Nf2 Bxe6 18. Nxe6 Rxe6 19. Rxe6 Qxe6 20. Re1 Qf6 21.
Qg3 Rd8 22. Qf3 Rd7 23. a4 Qd6 24. a5 Nf7 25. Nh3 e5 26. fxe5 Bxe5 27. Bf4 Re7
28. Bxe5 Nxe5 29. Qf2 Ng4 30. Rxe7 Nxf2 31. Rxb7 Nxh3+ 32. gxh3 Qc6 33. Rb6 Qc8
34. Kf2 Kg7 35. b3 Kh6 36. Kg3 Kh5 37. h4 Qc7+ 38. Kh3 Qf4 39. Kg2 Qd2+ 40. Kf3
Qxc2 41. Rb7 Qxd3+ 42. Kf2 Qe3+ 0-1

[Event "India- Israel 2012 Chess Match (Blitz)"]
[Site "New Delhi, India"]
[Date "2012.04.04"]
[Round "7.4"]
[White "Tal, Baron"]
[Black "Adbhiban, B."]
[Result "0-1"]
[WhiteElo "2497"]
[BlackElo "2561"]
[PlyCount "79"]
[EventDate "2012.??.??"]

1. e4 e5 2. Nf3 Nc6 3. Bb5 a6 4. Ba4 Nf6 5. O-O Be7 6. Re1 b5 7. Bb3 d6 8. c3
O-O 9. h3 Nb8 10. d4 Nbd7 11. c4 c6 12. Nc3 Qc7 13. a3 Bb7 14. Be3 Rad8 15. Rc1
Qb8 16. Qc2 bxc4 17. Bxc4 d5 18. dxe5 Nxe5 19. Nxe5 Qxe5 20. exd5 Bd6 21. f4
Qh5 22. Qf2 cxd5 23. Be2 Qf5 24. Bf3 Ne4 25. Nxe4 dxe4 26. Bg4 Qb5 27. Red1 Bb8
28. Bc5 Rfe8 29. b4 h5 30. Bxh5 e3 31. Qa2 Rd7 32. a4 Qc6 33. Bf3 Rxd1+ 34.
Rxd1 Qc7 35. Bd6 Qb6 36. Bc5 Qc7 37. Bxb7 Qxf4 38. g3 Qxg3+ 39. Qg2 e2 40. Qxg3
0-1

1. Nf3 Nf6 2. b3 d5 3. Bb2 c6 4. e3 Bg4 5. h3 Bh5 6. Be2 Nbd7 7. O-O e6 8. c4
Bd6 9. d3 O-O 10. Nbd2 e5 11. cxd5 cxd5 12. e4 Re8 13. Re1 Bg6 14. Nh4 Nc5 15.
Nxg6 hxg6 16. exd5 Nxd5 17. d4 exd4 18. Bxd4 Ne6 19. Bb2 Bb4 20. a3 Ne3 21.
fxe3 Bxd2 22. Rf1 Bxe3+ 23. Kh1 Bd4 24. Bxd4 Nxd4 25. Bc4 Nf5 26. Qf3 Qc7 27.
Rf2 Re3 28. Qf4 Qxf4 29. Rxf4 Nd6 30. Bd5 Rd3 31. Bc4 Nxc4 32. bxc4 Re8 33. c5
Rc3 34. Rb4 Re7 35. Rab1 Rxc5 36. Rxb7 Rxb7 37. Rxb7 Ra5 38. Rb3 g5 39. g3 Kh7
40. Kg2 Kg6 41. Kf3 f5 42. Rc3 Kh6 43. Rc6+ g6 44. Rc3 Ra4 45. Rb3 g4+ 46. hxg4
Rxg4 47. Rc3 Ra4 48. Rb3 Kh5 49. Rc3 g5 50. Rb3 g4+ 51. Kg2 Kg5 52. Rc3 Kf6 53.
Re3 f4 54. gxf4 Rxf4 55. Kg3 Ra4 56. Kh4 Kf5 57. Kg3 Rd4 58. Rb3 Rd5 59. a4 a6
60. Rc3 Kg5 61. Re3 Rc5 62. Rd3 Kf5 63. Rb3 Rc4 64. Ra3 a5 65. Ra1 Rc3+ 66. Kg2
Kg5 67. Rb1 Kh4 68. Rh1+ Rh3 69. Ra1 Rg3+ 70. Kh2 Rc3 0-1

[Event "India- Israel 2012 Chess Match (Blitz)"]
[Site "New Delhi, India"]
[Date "2012.04.04"]
[Round "8.3"]
[White "Gil, Popliski"]
[Black "Gopal, G N."]
[Result "1-0"]
[WhiteElo "2389"]
[BlackElo "2572"]
[PlyCount "153"]
[EventDate "2012.??.??"]

1. e4 e5 2. Nf3 Nc6 3. Bc4 Nf6 4. d3 Bc5 5. c3 d6 6. Nbd2 O-O 7. h3 h6 8. Bb3
a6 9. Nf1 d5 10. Qe2 Re8 11. Ng3 Be6 12. O-O Bf8 13. Rd1 g6 14. Nh2 Bg7 15. Ng4
Nxg4 16. hxg4 d4 17. Qf3 Qh4 18. Bxe6 Rxe6 19. Ne2 Rd8 20. Qh3 Qxh3 21. gxh3
dxc3 22. Nxc3 Nd4 23. Kf1 c6 24. Rb1 Red6 25. Be3 Bf6 26. Bxd4 Rxd4 27. Ke2 Be7
28. Rbc1 a5 29. Rc2 a4 30. Nb1 Rb4 31. Rdd2 Bg5 32. Rd1 Ra8 33. Na3 b5 34. Rb1
Ra6 35. Rc3 Rd4 36. Nc2 Rd6 37. Nb4 Rb6 38. Rc5 Re6 39. Rc3 Be7 40. Nc2 Kf8 41.
Rc1 Ke8 42. Ne1 Bb4 43. R3c2 Bxe1 44. Kxe1 Rd6 45. Ke2 Ke7 46. Rc5 Ke6 47. R1c3
f6 48. Ke3 Ra6 49. a3 Ra8 50. Rxc6 Ra6 51. Rxa6 Rxa6 52. Rc5 Rb6 53. Rd5 h5 54.
gxh5 gxh5 55. f4 Rb8 56. f5+ Ke7 57. d4 exd4+ 58. Kxd4 b4 59. Ra5 bxa3 60. bxa3
Rb3 61. Rxa4 Rxh3 62. Ra7+ Ke8 63. Kd5 Re3 64. a4 Kf8 65. Rh7 Ra3 66. Ke6 Rxa4
67. Kxf6 Kg8 68. Rg7+ Kf8 69. Rf7+ Kg8 70. e5 h4 71. Rg7+ Kh8 72. e6 Ra8 73.
Rg4 Rf8+ 74. Ke5 h3 75. f6 Kh7 76. Rh4+ Kg6 77. Rxh3 1-0

[Event "India- Israel 2012 Chess Match (Blitz)"]
[Site "New Delhi, India"]
[Date "2012.04.04"]
[Round "8.4"]
[White "Adhiban, B."]
[Black "Tal, Baron"]
[Result "0-1"]
[WhiteElo "2561"]
[BlackElo "2497"]
[PlyCount "64"]
[EventDate "2012.??.??"]

1. c4 g6 2. Nc3 c5 3. Nf3 Bg7 4. g3 Nc6 5. Bg2 d6 6. O-O Bf5 7. d3 Qd7 8. Rb1
Bh3 9. Bxh3 Qxh3 10. Nd5 Qd7 11. b4 b6 12. b5 Ne5 13. Nxe5 dxe5 14. Bb2 e6 15.
Ne3 f6 16. f4 exf4 17. Rxf4 e5 18. Rf2 Ne7 19. a4 O-O 20. a5 a6 21. axb6 axb5
22. cxb5 Kh8 23. Qb3 Rfb8 24. Nc4 Nd5 25. Bc1 Nxb6 26. Be3 Qc7 27. Rff1 Ra7 28.
Nxb6 Rxb6 29. Ra1 Rab7 30. Ra8+ Rb8 31. Rxb8+ Qxb8 32. Rb1 Bf8 0-1

[Event "India- Israel 2012 Chess Match (Blind)"]
[Site "?"]
[Date "2012.04.04"]
[Round "9.2"]
[White "Gil, Popliski"]
[Black "Abhijeet, Gupta"]
[Result "0-1"]
[WhiteElo "2389"]
[BlackElo "2643"]
[PlyCount "68"]
[EventDate "2012.??.??"]

1. e4 c5 2. Nf3 d6 3. d4 cxd4 4. Nxd4 Nf6 5. Nc3 Nc6 6. Bc4 e6 7. Be3 a6 8. Qe2
Qc7 9. Bb3 Na5 10. g4 b5 11. g5 Nd7 12. Bxe6 fxe6 13. Nxe6 Qc4 14. Qxc4 Nxc4
15. Nc7+ Kd8 16. Nxa8 Bb7 17. Bd4 Bxa8 18. O-O-O Be7 19. f4 Rf8 20. Rhf1 g6 21.
a3 Kc7 22. h4 Nc5 23. b3 Nxa3 24. f5 Nxe4 25. f6 Bd8 26. f7 Be7 27. Nxe4 Bxe4
28. Bg7 Kd7 29. Rf6 Rc8 30. Rd4 d5 31. f8=Q Bxf8 32. Rxf8 Rxc2+ 33. Kd1 Rh2 34.
Rb4 Nc2 0-1

[Event "India- Israel 2012 Chess Match (Blind)"]
[Site "?"]
[Date "2012.04.04"]
[Round "9.4"]
[White "Abhiban, B."]
[Black "Vitali, Golod"]
[Result "1/2-1/2"]
[WhiteElo "2561"]
[BlackElo "2561"]
[PlyCount "61"]
[EventDate "2012.??.??"]

1. d4 d5 2. c4 dxc4 3. Nf3 c6 4. e3 Be6 5. Nc3 Nf6 6. Ng5 Bg4 7. f3 Bd7 8. Bxc4
e6 9. e4 b5 10. Be2 h6 11. Nh3 c5 12. Nxb5 a6 13. Nc3 cxd4 14. Qxd4 Nc6 15. Qd1
Bc5 16. Nf2 O-O 17. O-O Bd4 18. Kh1 Qb6 19. Nd3 Ne5 20. f4 Nxd3 21. Bxd3 e5 22.
Nd5 Nxd5 23. exd5 Qd6 24. Qf3 Rab8 25. fxe5 Bxe5 26. Bf4 Bxf4 27. Qxf4 Qxf4 28.
Rxf4 Rxb2 29. Bxa6 Ra8 30. Bc4 Bb5 31. Bxb5 1/2-1/2

[Event "India- Israel 2012 Chess Match (Rapid)"]
[Site "?"]
[Date "2012.04.04"]
[Round "10.2"]
[White "Abhijeet, Gupta"]
[Black "Gil, Popliski"]
[Result "1-0"]
[WhiteElo "2643"]
[BlackElo "2389"]
[PlyCount "105"]
[EventDate "2012.??.??"]

1. d4 Nf6 2. c4 g6 3. f3 d5 4. cxd5 Nxd5 5. e4 Nb6 6. Nc3 Bg7 7. Be3 O-O 8. Qd2
Nc6 9. O-O-O f5 10. e5 Nb4 11. a3 N4d5 12. Nxd5 Nxd5 13. Bc4 Be6 14. Ne2 Qd7
15. Kb1 b5 16. Bxd5 Bxd5 17. Rc1 a5 18. Nf4 Bf7 19. Qc2 g5 20. e6 Bxe6 21. Nxe6
Qxe6 22. Bxg5 Bxd4 23. Rhe1 Qg6 24. Bxe7 Rfe8 25. Qb3+ Qf7 26. Qxf7+ Kxf7 27.
Rxc7 Ra7 28. Rxa7 Bxa7 29. Bh4 Rxe1+ 30. Bxe1 a4 31. Kc2 Ke6 32. Kd3 h5 33. h3
Bb8 34. g4 hxg4 35. fxg4 fxg4 36. hxg4 Bd6 37. Ke4 Be7 38. Bc3 Bg5 39. Bd4 Bh6
40. Bh8 Bc1 41. Kd3 Bg5 42. Kc3 Kd5 43. Bg7 Kc5 44. Kc2 Kc4 45. Bc3 Kc5 46. Bd2
Bd8 47. g5 Kd5 48. g6 Ke6 49. Bc3 Bb6 50. Kd3 Bc5 51. Ke4 Be7 52. g7 Kf7 53.
Kd5 1-0

[Event "India- Israel 2012 Chess Match (Blitz)"]
[Site "?"]
[Date "2012.04.04"]
[Round "11.2"]
[White "Tal, Baron"]
[Black "Abhijeet, Gupta"]
[Result "0-1"]
[WhiteElo "2497"]
[BlackElo "2643"]
[PlyCount "130"]
[EventDate "2012.??.??"]

1. e4 e5 2. Nf3 Nc6 3. Bb5 Nf6 4. O-O Nxe4 5. d4 Nd6 6. Bxc6 dxc6 7. dxe5 Nf5
8. Qxd8+ Kxd8 9. Nc3 Ke8 10. h3 b6 11. Bf4 Bb4 12. Ne4 Ba6 13. Rfc1 Be2 14. Nh2
h5 15. Nf1 h4 16. a3 Be7 17. Re1 Bc4 18. Nfd2 Be6 19. Nf3 Rd8 20. Rad1 c5 21.
Nfg5 Bxg5 22. Bxg5 Rd4 23. b4 Kd7 24. bxc5 Kc6 25. cxb6 axb6 26. c3 Rxd1 27.
Rxd1 Ra8 28. Bc1 Ra4 29. Ng5 Rc4 30. Rd3 b5 31. Nf3 Bd5 32. Bg5 Bxf3 33. Rxf3
g6 34. g4 hxg3 35. fxg3 Kd5 36. g4 Ng7 37. Rxf7 Ne6 38. Bd2 Kxe5 39. Kf2 Rc6
40. h4 Ra6 41. Bc1 Rc6 42. Bb2 Ke4 43. Rf6 Rd6 44. Bc1 Ke5 45. Rxg6 Rd1 46. Be3
c5 47. Rh6 c4 48. Rh5+ Ke4 49. Rxb5 Rd3 50. Bb6 Nf4 51. Bc7 Rf3+ 52. Ke1 Nd3+
53. Kd2 Rf2+ 54. Kd1 Rg2 55. Rg5 Nb2+ 56. Kc1 Nd3+ 57. Kb1 Rg1+ 58. Ka2 Rg2+
59. Kb1 Ke3 60. Bb6+ Kd2 61. Rf5 Kxc3 62. g5 Rh2 63. g6 Rh1+ 64. Ka2 Nc1+ 65.
Kb1 Nd3+ 0-1

[Event "India- Israel 2012 Chess Match (Blitz)"]
[Site "?"]
[Date "2012.04.04"]
[Round "11.4"]
[White "Vitali, Golod"]
[Black "Gopal, G N."]
[Result "1-0"]
[WhiteElo "2561"]
[BlackElo "2572"]
[PlyCount "61"]
[EventDate "2012.??.??"]

1. d4 d5 2. c4 c6 3. Nf3 Nf6 4. e3 e6 5. Nc3 Nbd7 6. Qc2 Bd6 7. Bd3 O-O 8. O-O
dxc4 9. Bxc4 b5 10. Be2 Bb7 11. e4 e5 12. dxe5 Nxe5 13. Bg5 h6 14. Bh4 Ng6 15.
Bg3 Bxg3 16. hxg3 Re8 17. Rad1 Qe7 18. Rfe1 Qc5 19. Bd3 Rad8 20. e5 Ng4 21.
Bxg6 fxg6 22. Rxd8 Rxd8 23. Qe2 Bc8 24. Ne4 Qe7 25. Nd6 Be6 26. Nd4 Qd7 27. f3
Nxe5 28. Qxe5 Qxd6 29. Nxe6 Qxe5 30. Rxe5 Rd2 31. b4 1-0

[Event "India- Israel 2012 Chess Match (Blitz)"]
[Site "?"]
[Date "2012.04.04"]
[Round "12.2"]
[White "Abhijeet, Gupta"]
[Black "Tal, Baron"]
[Result "1-0"]
[WhiteElo "2643"]
[BlackElo "2497"]
[PlyCount "52"]
[EventDate "2012.??.??"]

1. d4 d5 2. c4 c6 3. Nc3 Nf6 4. e3 a6 5. Nf3 b5 6. c5 Nbd7 7. b3 g6 8. Bb2 Bg7
9. b4 O-O 10. a4 Bb7 11. Be2 Qc7 12. O-O Ne4 13. Nxe4 dxe4 14. Nd2 f5 15. Nb3
e5 16. dxe5 Nxe5 17. Qd6 Qf7 18. Bxe5 Rfd8 19. Bxg7 Rxd6 20. cxd6 Qxb3 21. Bf6
Qxb4 22. Rfd1 Kf7 23. Bh4 h6 24. axb5 axb5 25. Rxa8 Bxa8 26. d7 Bb7 1-0